<?xml version="1.0" encoding="UTF-8"?>
<record
    xmlns:xsi="http://www.w3.org/2001/XMLSchema-instance"
    xsi:schemaLocation="http://www.loc.gov/MARC21/slim http://www.loc.gov/standards/marcxml/schema/MARC21slim.xsd"
    xmlns="http://www.loc.gov/MARC21/slim">

  <leader>01651nam a22002897a 4500</leader>
  <controlfield tag="001">BRCA_9221</controlfield>
  <controlfield tag="003">FranzMayer</controlfield>
  <controlfield tag="005">20220809140233.0</controlfield>
  <controlfield tag="008">220726b        |||||||| |||| 00| 0 eng d</controlfield>
  <datafield tag="040" ind1=" " ind2=" ">
    <subfield code="b">spa</subfield>
    <subfield code="c">MFM</subfield>
  </datafield>
  <datafield tag="041" ind1=" " ind2=" ">
    <subfield code="a">spa</subfield>
  </datafield>
  <datafield tag="050" ind1=" " ind2=" ">
    <subfield code="a">ND813.C5</subfield>
    <subfield code="b">P45 2020</subfield>
  </datafield>
  <datafield tag="245" ind1="0" ind2="0">
    <subfield code="a">Pelegr&#xED;n Clav&#xE9; : </subfield>
    <subfield code="b">Origen y sentido (1811-1880)</subfield>
  </datafield>
  <datafield tag="260" ind1=" " ind2=" ">
    <subfield code="a">M&#xE9;xico : </subfield>
    <subfield code="b">Instituto Nacional de Bellas Artes / Museo Nacional de San Carlos</subfield>
    <subfield code="c">2020</subfield>
  </datafield>
  <datafield tag="260" ind1=" " ind2=" ">
    <subfield code="a">M&#xE9;xico : </subfield>
    <subfield code="b">Museo Arocena, </subfield>
    <subfield code="c">2020</subfield>
  </datafield>
  <datafield tag="300" ind1=" " ind2=" ">
    <subfield code="a">232 p. : </subfield>
    <subfield code="b">il., fot., grab. ; </subfield>
    <subfield code="c">24 x 31 cm.</subfield>
  </datafield>
  <datafield tag="490" ind1=" " ind2=" ">
    <subfield code="a">Museos y galer&#xED;as</subfield>
  </datafield>
  <datafield tag="500" ind1=" " ind2=" ">
    <subfield code="a">Ubicaci&#xF3;n: L59-N5</subfield>
  </datafield>
  <datafield tag="500" ind1=" " ind2=" ">
    <subfield code="a">Incluye imagen de pieza del Museo Franz Mayer (p. 119)</subfield>
  </datafield>
  <datafield tag="500" ind1=" " ind2=" ">
    <subfield code="a">Incluye im&#xE1;genes de Colecci&#xF3;n privada comodato en Museo Franz Mayer (pp. 146, 149)</subfield>
  </datafield>
  <datafield tag="500" ind1=" " ind2=" ">
    <subfield code="a">Cat&#xE1;logo que documenta la investigaci&#xF3;n realizada para la exposici&#xF3;n "Pelegr&#xED;n Clav&#xE9;. Origen y sentido (1811-1880)", presentada en el Museo Nacional de San Carlos en la Ciudad de M&#xE9;xico (15 de noviembre 2019 al 29 de marzo 2020).</subfield>
  </datafield>
  <datafield tag="520" ind1=" " ind2=" ">
    <subfield code="a">Tanto la exposici&#xF3;n como esta publicaci&#xF3;n que la acompa&#xF1;a, se dan a la tarea de ahondar en el papel de Pelegr&#xED;n Clav&#xE9; como responsable de la formaci&#xF3;n de grandes maestros de la pintura nacional, tales como Jos&#xE9; Mar&#xED;a Velasco (1840-1912), Santiago Rebull (1829-1902) o Felipe Santiago Guti&#xE9;rrez (1824-1904). - Dra. Luc&#xED;a Jim&#xE9;nez L&#xF3;pez, Directora general del Instituto Nacional de Bellas Artes y Literatura.</subfield>
  </datafield>
  <datafield tag="600" ind1=" " ind2=" ">
    <subfield code="a">Clav&#xE9;, Pelegr&#xED;n,&#x200F; &#x200E;</subfield>
    <subfield code="d">1810-1880</subfield>
    <subfield code="v">Exposiciones</subfield>
    <subfield code="x">Historia</subfield>
    <subfield code="x">Arte</subfield>
    <subfield code="9">28507</subfield>
  </datafield>
  <datafield tag="650" ind1=" " ind2=" ">
    <subfield code="a">Arte</subfield>
    <subfield code="x">Pintura</subfield>
    <subfield code="x">Bocetos</subfield>
    <subfield code="9">28508</subfield>
  </datafield>
  <datafield tag="942" ind1=" " ind2=" ">
    <subfield code="2">lcc</subfield>
    <subfield code="c">B</subfield>
  </datafield>
  <datafield tag="999" ind1=" " ind2=" ">
    <subfield code="c">10840</subfield>
    <subfield code="d">10840</subfield>
  </datafield>
  <datafield tag="952" ind1=" " ind2=" ">
    <subfield code="0">0</subfield>
    <subfield code="1">0</subfield>
    <subfield code="2">lcc</subfield>
    <subfield code="4">0</subfield>
    <subfield code="7">0</subfield>
    <subfield code="a">BRCA</subfield>
    <subfield code="b">BRCA</subfield>
    <subfield code="d">2022-07-26</subfield>
    <subfield code="o">ND813.C5 P45 2020</subfield>
    <subfield code="p">CONT10008</subfield>
    <subfield code="r">2022-07-26 00:00:00</subfield>
    <subfield code="w">2022-07-26</subfield>
    <subfield code="y">B</subfield>
  </datafield>
  <datafield tag="952" ind1=" " ind2=" ">
    <subfield code="0">0</subfield>
    <subfield code="1">0</subfield>
    <subfield code="2">lcc</subfield>
    <subfield code="4">0</subfield>
    <subfield code="7">0</subfield>
    <subfield code="a">BRCA</subfield>
    <subfield code="b">BRCA</subfield>
    <subfield code="d">2022-07-26</subfield>
    <subfield code="l">0</subfield>
    <subfield code="o">ND813.C5 P45 2020</subfield>
    <subfield code="p">CONT10009</subfield>
    <subfield code="r">2022-07-26 00:00:00</subfield>
    <subfield code="w">2022-07-26</subfield>
    <subfield code="y">B</subfield>
  </datafield>
  <datafield tag="952" ind1=" " ind2=" ">
    <subfield code="0">0</subfield>
    <subfield code="1">0</subfield>
    <subfield code="2">lcc</subfield>
    <subfield code="4">0</subfield>
    <subfield code="7">0</subfield>
    <subfield code="8">FCON</subfield>
    <subfield code="a">BRCA</subfield>
    <subfield code="b">BRCA</subfield>
    <subfield code="d">2023-10-11</subfield>
    <subfield code="l">0</subfield>
    <subfield code="o">ND813.C5 P45 2020</subfield>
    <subfield code="p">CONT10239</subfield>
    <subfield code="r">2023-10-11 00:00:00</subfield>
    <subfield code="w">2023-10-11</subfield>
    <subfield code="y">B</subfield>
  </datafield>
</record>
